Chu dịch dự đoán học : Dự đoán công danh

Ở bộ sách này, tác giả bàn tới 64 quẻ Kinh dịch với chuyên đề cụ thể, bình xét từng hào biến trong 6 hào dựa trên nội dung của hào từ và quái từ phản ánh. Đây là tư liệu phù hợp với người mới tìm hiểu về Kinh dịch và cũng là sách t...

وصف كامل

محفوظ في:
التفاصيل البيبلوغرافية
المؤلف الرئيسي: Thiệu Vĩ Hoa
مؤلفون آخرون: Chu Tước Nhi (Dịch)
التنسيق: كتاب
اللغة:Vietnamese
منشور في: H. Hồng Đức 2011
سلاسل:Chu dịch dự đoán học
الموضوعات:
الوسوم: إضافة وسم
لا توجد وسوم, كن أول من يضع وسما على هذه التسجيلة!
Thư viện lưu trữ: Thư viện Trường Đại học Nam Cần Thơ
LEADER 01285nam a22002177a 4500
001 NCT_68780
008 190911b xxu||||| |||| 00| 0 vie d
999 |c 3328  |d 3328 
020 |c 179000 
082 0 4 |2 23rd ed.  |a 133.54  |b H401 
100 1 |a Thiệu Vĩ Hoa 
245 1 0 |a Chu dịch dự đoán học :  |b Dự đoán công danh  |c Thiệu Vĩ Hoa ; Chu Tước Nhi (dịch) 
260 |a H.  |b Hồng Đức  |c 2011 
300 |a 387 tr.  |b minh họa  |c 27cm 
490 0 |a Chu dịch dự đoán học 
520 3 |a Ở bộ sách này, tác giả bàn tới 64 quẻ Kinh dịch với chuyên đề cụ thể, bình xét từng hào biến trong 6 hào dựa trên nội dung của hào từ và quái từ phản ánh. Đây là tư liệu phù hợp với người mới tìm hiểu về Kinh dịch và cũng là sách tham khảo cho người có kiến thức mệnh lý uyên thâm. 
653 |a Sách tham khảo 
700 1 |a Chu Tước Nhi  |e Dịch 
942 |2 ddc  |c BK 
952 |0 0  |1 0  |2 ddc  |4 0  |6 133_540000000000000_H401  |7 0  |9 17780  |a 000001  |b 000001  |d 2019-09-11  |o 133.54 H401  |p TK.00899  |r 2019-09-11  |v 179000.00  |w 2019-09-11  |y BK 
980 |a Thư viện Trường Đại học Nam Cần Thơ